| 000 | 01011nam0a22002771 4500 | ||
|---|---|---|---|
| 001 | rc\2333869 | ||
| 005 | 20110829145959.1 | ||
| 035 | _a(NLR Aleph) 006583847 | ||
| 090 |
_a7073939 _c7073939 |
||
| 100 | _a20110829d1977 |||y0rusy50 ca | ||
| 101 | 0 | _arus | |
| 102 | _aRU | ||
| 105 | _aa z ||||| | ||
| 200 | 1 | _aНекоторые возможности повышения точности радиометрических измерений | |
| 210 |
_aГорький _cБ. и. _d1977 |
||
| 215 |
_a27 с. _cил. _d20 |
||
| 225 | 1 |
_aМ-во высш. и сред. спец. образования РСФСР. Науч.-исслед. радиофиз. ин-т НИРФИ. Препринт _v№ 108 |
|
| 320 | _aБиблиогр.: с. 26-27 | ||
| 700 | 1 |
_aПройдаков _bВ. И. _gВадим Иванович |
|
| 701 | 1 |
_aЧекалев _bС. П. |
|
| 801 | 0 |
_aRU _bNLR _gpsbo |
|
| 801 | 1 |
_aRU _bELAR _2rusmarc |
|
| 852 |
_aNLR _j78-4/1417 |
||
| 899 |
_aRuMoRGB _jБр 159/353 |
||
| 942 | _cBOOK | ||
| 980 | _aNB | ||